<?xml version="1.0" encoding="UTF-8"?>
<marc:record xmlns:marc="http://www.loc.gov/MARC21/slim">
   <marc:leader>00000nam a2200000 a 4500</marc:leader>
   <marc:datafield ind1="1" ind2=" " tag="100">
      <marc:subfield code="a">Trettl, Roland</marc:subfield>
      <marc:subfield code="4">aut</marc:subfield>
      <marc:subfield code="e">Verfasser/-in</marc:subfield>
   </marc:datafield>
   <marc:datafield ind1="1" ind2=" " tag="100">
      <marc:subfield code="a">Trettl, Daniela</marc:subfield>
      <marc:subfield code="4">aut</marc:subfield>
      <marc:subfield code="e">Verfasser/-in</marc:subfield>
   </marc:datafield>
   <marc:datafield ind1="0" ind2="0" tag="245">
      <marc:subfield code="a">Kochen zu zweit</marc:subfield>
   </marc:datafield>
   <marc:datafield ind1="0" ind2="0" tag="245">
      <marc:subfield code="b">Rezepte für genussvolle Momente</marc:subfield>
   </marc:datafield>
   <marc:datafield ind1="0" ind2="0" tag="245">
      <marc:subfield code="c">Roland Trettl, Daniela Trettl</marc:subfield>
   </marc:datafield>
   <marc:datafield ind1=" " ind2="1" tag="264">
      <marc:subfield code="a">München</marc:subfield>
      <marc:subfield code="b">Südwest</marc:subfield>
      <marc:subfield code="c">2021</marc:subfield>
   </marc:datafield>
   <marc:datafield ind1="1" ind2=" " tag="520">
      <marc:subfield code="a">Jetzt endlich erscheint das erste Kochbuch von Roland Trettl mit über 80 Rezepten. Hier lädt er zum Nachkochen ein mit seinen von Südtirol und Italien inspirierten Gerichten wie Rote-Beete-Knödel, Heidelbeer-Datschi oder Safran-Risotto. In diesem Buch vermittelt er seine Kochideen auf die von Fans geliebte sympathische und direkte Art und Weise. Dabei steht bei jedem Rezept das Würz-Detail zentral im Raum, um die besten Seiten eines Gerichtes hervorzubringen. Mit eigens erstellten Fotos vom Küchenchef persönlich bebildert stellt Trettl zusammen mit seiner Frau Dani einfache, alltagstaugliche Rezepte für zwei mit individueller Note vor. Gemeinsam kochen und gemeinsam genießen ist das Motto dieses Buchs.</marc:subfield>
   </marc:datafield>
   <marc:datafield ind1=" " ind2=" " tag="020">
      <marc:subfield code="a">9783517099927</marc:subfield>
      <marc:subfield code="9">9783517099927</marc:subfield>
   </marc:datafield>
   <marc:datafield ind1=" " ind2=" " tag="020">
      <marc:subfield code="a">3517099929</marc:subfield>
      <marc:subfield code="9">3517099929</marc:subfield>
   </marc:datafield>
   <marc:datafield ind1=" " ind2=" " tag="300">
      <marc:subfield code="a">208 Seiten</marc:subfield>
   </marc:datafield>
</marc:record>
